000 004650000a22001810004500
003 MACL
005 20150804180348.0
008 150804b xxu||||| |||| 00| 0 eng d
040 _aMACL
_cMACL
041 _aEnglish
082 _a370/CHA
100 _aChaudhary, Jyoti K
_94814
245 _aBuild Your Career in Aviation Industry
260 _bAbhishek Publications
_c2008
_aNew Delhi
350 _a595
650 _aEducation
_94815
942 _cBK
_k370/CHA
_2ddc
999 _c42638
_d42638